[Event "Hong Kong-ch prel"]
[Site "Hong Kong"]
[Date "2015.02.02"]
[Round "5"]
[White "Ho, Nok Hang Jonathan"]
[Black "Kao, Kam Tong Christop"]
[Result "1-0"]
[WhiteElo "1602"]
[BlackElo "1400"]
[PlyCount "125"]
[EventDate "2015.01.05"]
[EventType "swiss"]
[EventRounds "9"]
[EventCountry "HKG"]
[SourceTitle "EXT 2016"]
[Source "ChessBase"]
[SourceDate "2015.10.08"]
[SourceVersion "1"]
[SourceVersionDate "2015.10.08"]
[SourceQuality "1"]

1. e4 c5 2. Nf3 e6 3. d4 d5 4. exd5 exd5 5. Be2 Nf6 6. Bf4 Be7 7. Nbd2 0-0 8. 0-0 b6 9. c3 Bb7 10. Bd3 c4 11. Bc2 Nc6 12. Ne5 b5 13. Re1 h6 14. Re3 Nxe5 15. dxe5 Ne4 16. Nxe4 dxe4 17. Bxe4 Qxd1+ 18. Rxd1 Rad8 19. Rde1 Bc5 20. R3e2 Bc8 21. Kf1 a5 22. h4 b4 23. f3 a4 24. Be3 Bxe3 25. Rxe3 Rd2 26. R3e2 Rfd8 27. a3 bxc3 28. bxc3 Be6 29. Bc2 g6 30. Rxd2 Rxd2 31. Re2 Rd5 32. f4 Rb5 33. Bxa4 Ra5 34. Bc6 Rxa3 35. Re3 Bf5 36. Be4 Be6 37. Kf2 Kg7 38. Kf3 Ra1 39. Re2 h5 40. Ke3 Rh1 41. g3 Rc1 42. Kd4 Rd1+ 43. Kc5 Ra1 44. Re3 Ra3 45. Bf3 Ra1 46. Be2 Re1 47. Kd4 Kh6 48. Bf3 Rg1 49. Be4 Rd1+ 50. Kc5 Ra1 51. Rf3 Ra3 52. Bc6 Ra7 53. Kb6 Ra3 54. Bb5 Ra8 55. Kc5 Rd8 56. Re3 Rd5+ 57. Kb4 Rd1 58. Bxc4 Bxc4 59. Kxc4 Kg7 60. Rd3 Ra1 61. Kb5 Ra8 62. c4 Kf8 63. c5 1-0

[Event "Hong Kong-ch prel"]
[Site "Hong Kong"]
[Date "2015.01.19"]
[Round "3"]
[White "Lau, Joe Yiu Cho"]
[Black "Kao, Kam Tong Christop"]
[Result "1/2-1/2"]
[WhiteElo "1570"]
[BlackElo "1400"]
[PlyCount "119"]
[EventDate "2015.01.05"]
[EventType "swiss"]
[EventRounds "9"]
[EventCountry "HKG"]
[SourceTitle "EXT 2016"]
[Source "ChessBase"]
[SourceDate "2015.10.08"]
[SourceVersion "1"]
[SourceVersionDate "2015.10.08"]
[SourceQuality "1"]

1. e4 e5 2. Nf3 d6 3. Bc4 h6 4. Nc3 Nf6 5. h3 c6 6. d3 Be7 7. Be3 0-0 8. a3 d5 9. Bb3 d4 10. Bd2 dxc3 11. Bxc3 Bd6 12. Nxe5 Bxe5 13. Bxe5 Re8 14. Bc3 Be6 15. Bxe6 Rxe6 16. f4 Nbd7 17. Qf3 Qb6 18. 0-0-0 Nc5 19. f5 Ree8 20. Bxf6 gxf6 21. Qg4+ Kh7 22. Qh4 Nd7 23. Qf4 Rg8 24. Qd6 Rad8 25. Qe7 Rgf8 26. Rd2 Qc5 27. Qxc5 Nxc5 28. b3 a5 29. a4 b5 30. axb5 cxb5 31. Rf2 Rc8 32. Kd2 Rfd8 33. Ke3 b4 34. Ra1 Ra8 35. g4 a4 36. d4 axb3 37. Rxa8 Rxa8 38. cxb3 Nxb3 39. Rb2 Na1 40. d5 Kg8 41. Kd3 Kf8 42. Rxb4 Ke7 43. Rb7+ Ke8 44. Kc4 Rc8+ 45. Kb5 Nb3 46. Kb6 Rd8 47. Rc7 Nd2 48. Rc2 Nf3 49. Rc6 Ke7 50. Kc5 Ng5 51. d6+ Ke8 52. Kd5 Nxh3 53. Rc7 Nf4+ 54. Kc6 Nd3 55. Re7+ Kf8 56. Kc7 Ra8 57. Kb7 Rd8 58. Kc7 Ra8 59. Kb7 Rd8 60. Kc7 1/2-1/2